الفن الصحفي في عصر المعلومات تحرير و كتابة التحقيقات و الأحاديث الصحفية / (رقم التسجيلة. 96742)

تفاصيل مارك
000 -الفاتح
عناصر البيانات ثابتة الطول 00838cam a2200205 i 4500
005 - تاريخ ووقت آخر معاملة
حقل ضبط 20251108173129.0
008 - عناصر البيانات ثابتة الطول
عناصر البيانات ثابتة الطول 250721s2005 ts gr 000 0 ara d
082 14 - رقم تصنيف ديوي العشري
رقم التصنيف 070.43
رقم المادة ن ص ر
100 1# - مدخل رئيسي – اسم شخصي
الاسم الشخصي نصر، حسني محمد
علاقة الشخص بالعمل/ دوره مؤلف.
245 10 - بيان العنوان
العنوان الفن الصحفي في عصر المعلومات تحرير و كتابة التحقيقات و الأحاديث الصحفية /
بيان المسؤولية تاليف د. حسني محمد نصر، د. سناء عبد الرحمن.
250 ## - بيان الطبعة
بيان الطبعة الطبعة الاولى
264 31 - بيانات النشر، التوزيع…إلخ
مكان النشر، التوزيع...إلخ العين :
اسم الناشر، الموزع...إلخ دار الكتاب الجامعي،
تاريخ النشر، التوزيع...إلخ 2005.
300 ## - الوصف المادي
عدد الوحدات المكونة للوعاء 392 صفحة.
650 17 - مدخل إضافي بالموضوع - مصطلح موضوعي
مصطلح موضوعي أو اسم جغرافي كعنصر مدخل الصحافة.
650 17 - مدخل إضافي بالموضوع - مصطلح موضوعي
مصطلح موضوعي أو اسم جغرافي كعنصر مدخل التحرير الصحفي.
650 17 - مدخل إضافي بالموضوع - مصطلح موضوعي
مصطلح موضوعي أو اسم جغرافي كعنصر مدخل الحواسيب.
700 1# - مدخل إضافي - اسم شخصي
الاسم الشخصي عبد الرحمن، سناء
علاقة الشخص بالعمل/ دوره مؤلف.
942 ## - بيانات إضافية (كوها)
نوع التنصيف Dewey Decimal Classification
نوع المادة (كوها) كتب
المقتنيات
حالة السحب حالة الفقدان مصدر التصنيف حالة التلف غير قابل للإعارة المكتبة الرئيسية المكتبة الحالية موقع الرف تاريخ التزويد الرقم المتسلسل Total Checkouts رقم الإستدعاء الباركود تاريخ آخر ظهور تاريخ الفاتورة نوع المادة (كوها)
    Dewey Decimal Classification   Not For Loan المكتبة المركزية المكتبة المركزية مقتنيات قسم التزويد 28/07/2025 887052   070.43/ نصر 887052 28/07/2025 28/07/2025 كتب
    Dewey Decimal Classification   Not For Loan المكتبة المركزية المكتبة المركزية مقتنيات قسم التزويد 28/07/2025 887053   070.43/ نصر 887053 28/07/2025 28/07/2025 كتب
    Dewey Decimal Classification   Not For Loan المكتبة المركزية المكتبة المركزية مقتنيات قسم التزويد 28/07/2025 887054   070.43/ نصر 887054 28/07/2025 28/07/2025 كتب
    Dewey Decimal Classification     المكتبة المركزية المكتبة المركزية الإعارة 30/05/2016 1625957   070.43 / ن ص ر PLD00390439 28/07/2025 30/05/2016 كتب
    Dewey Decimal Classification     مكتبة أبو علندا العامة مكتبة أبو علندا العامة الإعارة 28/07/2025 887063   070.43/ نصر 887063 28/07/2025 28/07/2025 كتب
    Dewey Decimal Classification     مكتبة الأميرة ايمان العامة مكتبة الأميرة ايمان العامة الإعارة 28/07/2025 887055   070.43/ نصر 887055 28/07/2025 28/07/2025 كتب
    Dewey Decimal Classification     مكتبة الاميرة بديعة مكتبة الاميرة بديعة الإعارة 28/07/2025 887058   070.43/ نصر 887058 28/07/2025 28/07/2025 كتب
    Dewey Decimal Classification     مكتبة الجويدة مكتبة الجويدة الإعارة 28/07/2025 887059   070.43/ نصر 887059 28/07/2025 28/07/2025 كتب
    Dewey Decimal Classification     مكتبة الحسن العامة مكتبة الحسن العامة الإعارة 28/07/2025 887060   070.43/ نصر 887060 28/07/2025 28/07/2025 كتب
    Dewey Decimal Classification     مكتبة حمزة العامة مكتبة حمزة العامة الإعارة 28/07/2025 887061   070.43/ نصر 887061 28/07/2025 28/07/2025 كتب
    Dewey Decimal Classification     مكتبة صويلح العامة مكتبة صويلح العامة الإعارة 28/07/2025 887056   070.43/ نصر 887056 28/07/2025 28/07/2025 كتب
    Dewey Decimal Classification     مكتبة وادي السير العامة مكتبة وادي السير العامة الإعارة 28/07/2025 887064   070.43/ نصر 887064 28/07/2025 28/07/2025 كتب
Implemented & Customized by: BBB with SCIT (Smart Chains for Information Technology)

Powered by Koha